[Event "IRI-ch U16"]
[Site "Chess.com INT"]
[Date "2021.01.16"]
[Round "9"]
[White "Kardani, Ali"]
[Black "Niazi, Mahan"]
[Result "0-1"]
[WhiteElo "1489"]
[BlackElo "1106"]
[PlyCount "98"]
[EventDate "2021.01.16"]
[EventType "swiss"]
[EventRounds "11"]
[EventCountry "IRI"]
[SourceTitle "EXT 2022"]
[Source "ChessBase"]
[SourceDate "2021.10.06"]
[SourceVersion "1"]
[SourceVersionDate "2021.10.06"]
[SourceQuality "1"]

1. d4 d5 2. c4 e6 3. Nc3 Nf6 4. cxd5 exd5 5. Bg5 Nbd7 6. e3 Be7 7. Bd3 0-0 8. Qc2 c6 9. Nf3 Re8 10. 0-0 Nf8 11. a3 Be6 12. b4 Rc8 13. Rfc1 a5 14. b5 c5 15. dxc5 Bxc5 16. Qd2 h6 17. Bh4 Ng6 18. Bxg6 fxg6 19. Na4 Bd6 20. Rxc8 Bxc8 21. Bxf6 Qxf6 22. Qxd5+ Be6 23. Qd4 Rc8 24. Qxf6 gxf6 25. Nd4 Kf7 26. f4 Rc4 27. Nb6 Rc3 28. Nxe6 Kxe6 29. Re1 Bxa3 30. Na4 Rb3 31. b6 Bb4 32. Re2 Kd6 33. Ra2 Rxe3 34. Nb2 Kc6 35. Nc4 Rc3 36. Nxa5+ Kxb6 37. Kf2 Bxa5 38. Re2 Kc5 39. Re6 b5 40. Rxf6 b4 41. Rxg6 b3 42. Rg8 b2 43. Rc8+ Kb4 44. Rb8+ Ka3 45. Rxb2 Kxb2 46. g4 Bc7 47. f5 Bxh2 48. Kg2 Be5 49. Kf2 Kc2 0-1

[Event "IRI-ch U16"]
[Site "Chess.com INT"]
[Date "2021.01.16"]
[Round "10"]
[White "Sherafat, Mahdi"]
[Black "Kardani, Ali"]
[Result "1-0"]
[WhiteElo "1316"]
[BlackElo "1489"]
[PlyCount "104"]
[EventDate "2021.01.16"]
[EventType "swiss"]
[EventRounds "11"]
[EventCountry "IRI"]
[SourceTitle "EXT 2022"]
[Source "ChessBase"]
[SourceDate "2021.10.06"]
[SourceVersion "1"]
[SourceVersionDate "2021.10.06"]
[SourceQuality "1"]

1. e4 c5 2. Nf3 Nf6 3. Nc3 Nc6 4. d4 d5 5. exd5 Nxd5 6. Nxd5 Qxd5 7. Be3 cxd4 8. Nxd4 Qa5+ 9. c3 Nxd4 10. Qxd4 e5 11. Qd3 Be6 12. Qb5+ Qxb5 13. Bxb5+ Bd7 14. Bxd7+ Kxd7 15. 0-0-0+ Kc6 16. Rhe1 Bd6 17. Kc2 a6 18. c4 Rad8 19. Bc1 f6 20. a3 b5 21. cxb5+ axb5 22. Rd3 Be7 23. Rc3+ Kb7 24. Be3 Rc8 25. Rd1 Rxc3+ 26. Kxc3 Rd8 27. Rxd8 Bxd8 28. b4 Be7 29. Kb3 Kc6 30. a4 bxa4+ 31. Kxa4 f5 32. b5+ Kc7 33. Kb3 f4 34. Bd2 Kb6 35. Kc4 Bf6 36. Bb4 e4 37. Bc5+ Kb7 38. Kd5 e3 39. fxe3 fxe3 40. Bxe3 Kc7 41. Ke6 Bc3 42. g4 Bb2 43. h4 Bf6 44. g5 Bc3 45. h5 Bb4 46. Kf7 Bc3 47. h6 gxh6 48. gxh6 Bb4 49. Kg8 Kb7 50. Kxh7 Bf8 51. Kg6 Ba3 52. Bd4 Bd6 1-0